000
00279nam a22001337a 4500
003
SGT
082
_a
340,STO
100
_a
STONE,JULIUS
245
_a
HUMAN LAW & HUMAN JUSTICE
260
_a
NEW DELHI
_b
UNIVERSAL
_c
2011
300
_a
415
650
_a
HUMAN LAW
942
_2
ddc
_c
BK
999
_c
11036
_d
11036